| 000 | 00522 a2200181 4500 | ||
|---|---|---|---|
| 003 | OSt | ||
| 005 | 20231212095133.0 | ||
| 008 | 231210b |||||||| |||| 00| 0 eng d | ||
| 020 | _a9789355491039 | ||
| 040 | _coclc | ||
| 082 |
_a894.8124 _bELA/N |
||
| 100 |
_aElayidam, Sunil P _93291 |
||
| 245 |
_aNeethiyude Parpidangal / _cSunil P. Elayidom |
||
| 250 | _a3rd ed. | ||
| 260 |
_aKozhikode: _bMathrubhumi Books, _c2022. |
||
| 300 | _a344p. | ||
| 942 |
_2ddc _cBK _h894.8124 _iELA/N _k894.8124 _mELA/N |
||
| 999 |
_c44065 _d44065 |
||